000 00322 a2200109 4500
001 ART_12774
005 20260410161733.0
008 260409a
245 1 0 _aEl duro aprendizaje de la democracia
100 1 _aBotana, Natalio
773 0 _tEjecutivos de finanzas
_g- Año 7, Nº 56 (jun. 1989)
_wREV2863
999 _c18024
_d18024